Analýza poznania príčin a technológií riešení biokorózie ETICS a model zabezpečenia ich rezistencie : Habilitačná práca

Gespeichert in:
Bibliographische Detailangaben
1. Verfasser: Antošová, Naďa, 1967- (Verfasst von)
Format: Manuskript Buch
Sprache:Slowakisch
Veröffentlicht: Bratislava : STU v Bratislave SvF, 2013
Tags: Tag hinzufügen
Keine Tags, Fügen Sie das erste Tag hinzu!

MARC

LEADER 00000ntm a22000003a 4500
001 stu296226
005 20150617230308.2
008 140827s--------xo------------------slo-d
040 |a STU  |b slo 
041 0 |a slo 
044 |a xo 
100 1 |a Antošová, Naďa,  |d 1967-  |4 aut  |u V270  |U SvF Stavebná fakulta  |T SvF Katedra technológie stavieb  |X 3720  |U V270  |Y 28  |7 A000003720 
245 1 |a Analýza poznania príčin a technológií riešení biokorózie ETICS a model zabezpečenia ich rezistencie :  |b Habilitačná práca 
260 |a Bratislava :  |b STU v Bratislave SvF,  |c 2013 
300 |a 123 s 
996 |b 284V036628  |c V*3183/HP-200  |l VVS  |s A  |a 24  |w stu296226_0001